A new structure for security, peace and cooperation in the Persian Gulf /

This book provides a new model for sustainable peace and security in the Middle East. It provides detailed analyses and roadmaps to the political quandaries in the Middle East, particularly with respect to Iran and Gulf Cooperation Council countries.

Bibliographic Details
Main Author: Musavian, Hossein (Author)
Format: Book
Language:English
Published: Lanham, Maryland : Rowman & Littlefield, [2020]
Subjects:

MARC

Tag First Indicator Second Indicator Subfields
LEADER 00000cam a2200000 i 4500
001 in00004425721
005 20210728140544.0
008 200804t20202020mdua b 001 0 eng
010 |a  2020034068 
020 |a 9781538146507  |q hardcover 
020 |a 1538146509  |q hardcover 
020 |z 9781538146514  |q electronic publication 
035 |a (OCoLC)on1180975156 
040 |a DLC  |e rda  |c DLC  |d UtOrBLW 
043 |a ap-----  |a a-ir---  |a ma----- 
049 |a TXAM 
050 0 0 |a JZ6009.P35  |b M87 2020 
082 0 0 |a 355/.0330536  |2 23 
100 1 |a Musavian, Hossein,  |e author.  |0 http://id.loc.gov/authorities/names/nr93045532 
245 1 2 |a A new structure for security, peace and cooperation in the Persian Gulf /  |c Seyed Hossein Mousavian. 
264 1 |a Lanham, Maryland :  |b Rowman & Littlefield,  |c [2020] 
264 4 |c ©2020 
300 |a xiii, 180 pages :  |b illustrations ;  |c 24 cm. 
336 |a text  |b txt  |2 rdacontent 
337 |a unmediated  |b n  |2 rdamedia 
338 |a volume  |b nc  |2 rdacarrier 
504 |a Includes bibliographical references (pages 165-177) and index. 
505 0 |a Iran's relations with its Arab neighbors on the Persian Gulf in historical perspective -- The grievances -- Regional conflict prevention and resolution in the Persian Gulf -- The typology of disputes in the Persian Gulf -- Possible scenarios and prospects of dispute resolutions in the Persian Gulf. 
520 |a This book provides a new model for sustainable peace and security in the Middle East. It provides detailed analyses and roadmaps to the political quandaries in the Middle East, particularly with respect to Iran and Gulf Cooperation Council countries. 
610 2 0 |a Gulf Cooperation Council.  |0 http://id.loc.gov/authorities/names/n83009071 
650 0 |a Security, International  |z Persian Gulf Region. 
651 0 |a Iran  |x Foreign relations  |z Arab countries. 
651 0 |a Arab countries  |x Foreign relations  |z Iran. 
651 0 |a Persian Gulf Region  |x Strategic aspects.  |0 http://id.loc.gov/authorities/subjects/sh85100067 
945 |b 775103 
947 |a A14851600958 
948 |a cataloged  |b h  |c 2021/4/6  |d c  |e dmitchel  |f 2:50:40 pm 
994 |a 92  |b TXA 
999 f f |s 6eb9bee9-7d06-3841-8f5b-206aa5548920  |i 214e1ca6-5053-3dfa-a9d0-a049eab72156  |t 0 
952 f f |p normal  |a Texas A&M University  |b College Station  |c Sterling C. Evans Library  |d Evans: Library Stacks  |t 0  |e JZ6009.P35 M87 2020  |h Library of Congress classification  |i unmediated -- volume  |m A14851600958 
998 f f |a JZ6009.P35 M87 2020  |t 0  |l Evans: Library Stacks